Udržateľné inovácie v obehovom hospodárstve bakalárska práca

Gespeichert in:
Bibliographische Detailangaben
1. Verfasser: Auxtová, Paulína
Körperschaft: Fakulta podnikového manažmentu EU. Katedra manažmentu výroby a logistiky - zrušená
Weitere Verfasser: Gubová, Klaudia, 1986-
Format: Buch
Sprache:Slowakisch
Veröffentlicht: Bratislava 2021
Tags: Tag hinzufügen
Keine Tags, Fügen Sie das erste Tag hinzu!

MARC

LEADER 00000nbm a2200000 4500
001 0275775
005 20211109102625.5
041 0 |a slo 
044 |a SK 
245 1 0 |a Udržateľné inovácie v obehovom hospodárstve  |b bakalárska práca  |c Paulína Auxtová ; školiteľ: Klaudia Gubová 
264 1 |a Bratislava  |c 2021 
300 |a 60 s. 
100 1 |a Auxtová, Paulína 
700 1 |a Gubová, Klaudia, 1986- 
710 2 |a Fakulta podnikového manažmentu EU. Katedra manažmentu výroby a logistiky - zrušená